Knights don't teach piano / (Record no. 2230)

MARC details
000 -LEADER
fixed length control field 01413cam a22003733a 4500
001 - CONTROL NUMBER
control field 2230
003 - CONTROL NUMBER IDENTIFIER
control field FISKH
005 - DATE AND TIME OF LATEST TRANSACTION
control field 20250210092025.0
008 - FIXED-LENGTH DATA ELEMENTS--GENERAL INFORMATION
fixed length control field 971220s1998 nyua j 000 1 eng d
010 ## - LIBRARY OF CONGRESS CONTROL NUMBER
LC control number 98815067
020 ## - INTERNATIONAL STANDARD BOOK NUMBER
International Standard Book Number 0590258044 (pbk.) :
020 ## - INTERNATIONAL STANDARD BOOK NUMBER
International Standard Book Number 078073003990
024 10 - OTHER STANDARD IDENTIFIER
Standard number or code 7807300350
024 30 - OTHER STANDARD IDENTIFIER
Standard number or code 780590258043
Additional codes following the standard number or code 50350
035 ## - SYSTEM CONTROL NUMBER
System control number (OCoLC)ocm38119003
040 ## - CATALOGING SOURCE
Original cataloging agency WPB
Transcribing agency WPB
Modifying agency JED
-- IKG
-- SLC
-- OCL
-- DLC
Language of cataloging eng
050 00 - LIBRARY OF CONGRESS CALL NUMBER
Classification number CPB Box no. 1153 vol. 16
082 ## - DEWEY DECIMAL CLASSIFICATION NUMBER
Classification number PZ7.D128
100 1# - MAIN ENTRY--PERSONAL NAME
Personal name Dadey, Debbie.
245 10 - TITLE STATEMENT
Title Knights don't teach piano /
Statement of responsibility, etc. by Debbie Dadey and Marcia Thornton Jones ; illustrated by John Steven Gurney.
260 ## - PUBLICATION, DISTRIBUTION, ETC.
Place of publication, distribution, etc. New York :
Name of publisher, distributor, etc. Scholastic,
Date of publication, distribution, etc. 1998.
300 ## - PHYSICAL DESCRIPTION
Extent 66 pages :
Other physical details illustrations ;
Dimensions 20 cm
490 1# - SERIES STATEMENT
Series statement Adventures of the Bailey School kids ;
Volume/sequential designation Book 29
505 ## - FORMATTED CONTENTS NOTE
Formatted contents note P<br/>
520 ## - SUMMARY, ETC.
Summary, etc. There are some pretty weird grown-ups living in Bailey City. But could the new piano teacher who lives in a castle and wears a full suit of armor really be a knight planning to take over Bailey City? The Bailey School Kids are going to find out!
521 0# - TARGET AUDIENCE NOTE
Target audience note 620<br/>
Source Lexile<br/>
521 1# - TARGET AUDIENCE NOTE
Target audience note P<br/>
Source Raz-Plus<br/>
650 #0 - SUBJECT ADDED ENTRY--TOPICAL TERM
Topical term or geographic name entry element School
Form subdivision Juvenile fiction.
655 #7 - INDEX TERM--GENRE/FORM
Genre/form data or focus term Children's stories.
Source of term lcsh
700 1# - ADDED ENTRY--PERSONAL NAME
Personal name Jones, Marcia Thornton
Relator term Author
700 1# - ADDED ENTRY--PERSONAL NAME
Personal name Gurney, John Steven
Relator term illustrator
906 ## - LOCAL DATA ELEMENT F, LDF (RLIN)
a 7
b cbc
c copycat
d 2
e ncip
f 19
g y-genrareb
942 ## - ADDED ENTRY ELEMENTS (KOHA)
Source of classification or shelving scheme Dewey Decimal Classification
Koha item type Books
Suppress in OPAC No
Holdings
Withdrawn status Lost status Source of classification or shelving scheme Damaged status Not for loan Collection Home library Current library Shelving location Date acquired Total Checkouts Full call number Barcode Date last seen Date last checked out Price effective from Koha item type Copy number
    Dewey Decimal Classification     Juvenile Fiction Footprints International School Library Network Toul Kork Campus Footprints International School Library Network Toul Kork Campus TK Primary Library Room(4th Floor), Bookcase 3&4, Shelves 17-32, Yellow Books 11/13/2023 1 DAD 813.0 PZ7.D128 FISTKG4A013 12/19/2025 08/29/2025 11/13/2023 Books  
    Dewey Decimal Classification     Juvenile Fiction Footprints International School Library Network Toul Kork Campus Footprints International School Library Network Toul Kork Campus TTP Primary Yellow Bookshelves 02/10/2025   DAD 813.0 PZ7.D128 2025-0459 02/10/2025   02/10/2025 Books 2